000 00628nam a2200193 i 4500
001 97217
003 ES-MaACL
005 20231228062653.0
007 t|
008 050708s1951 sp fo |||| | spa d
100 1 _aMarañón, Gregorio,
_d1887-1960
_976311
245 1 0 _aElogio y nostalgia de Toledo /
_cG. Marañón.
250 _a2ª ed., muy modificada.
260 _aMadrid :
_bEspasa-Calpe,
_c1951.
300 _a[1] h. de lám., 200 p., 40 h. de lám. ;
_c22 cm.
852 _aES-MaACL
_jD-7412
852 _aES-MaACL
_jL-31853
_z. - Donat. herederos de la bibl. de Mª del Pilar Costa Palacín
999 _c97217
_d97217